Statistics for Biggest Trading Partners - United States

Click here to take the quiz!

General Stats

  • This quiz has been taken 45,040 times
    (14,649 since last reset)
  • The average score is 20 of 24

Answer Stats

Imports Exports Country % Correct
545,814157,801China
100%
318,481298,728Canada
99%
346,528265,010Mexico
99%
60,81266,228United Kingdom
98%
125,90457,654Germany
97%
142,59674,967Japan
97%
52,52236,326France
97%
31,16139,494Brazil
96%
25,306Australia
92%
54,72223,153Italy
92%
54,40733,120India
92%
74,29156,344South Korea
87%
20,870Indonesia
80%
24,60613,624Saudi Arabia
78%
14,996Colombia
76%
57,469Ireland
73%
27,25049,391Netherlands
71%
31,900Thailand
69%
15,340Chile
67%
31,416Belgium
65%
45,76230,243Taiwan
65%
39,384Malaysia
59%
41,13822,231Switzerland
57%
27,25633,141Singapore
53%

Score Distribution

Percentile by Number Answered

Percent of People with Each Score

Your Score History

You have not taken this quiz since the last reset